| 000 | 00527nam a2200193 a 4500 | ||
|---|---|---|---|
| 001 | 5948 | ||
| 003 | CDMR | ||
| 005 | 20130515102016.0 | ||
| 008 | 130220s1996||||||||||||||||||||||||||||d | ||
| 020 | _a8474108764 | ||
| 040 |
_aCDMR _bcat _cCDMR |
||
| 100 | 1 |
_aTeixidor, Emili _9917 |
|
| 245 | 1 | 4 |
_aLes contraportades d'El Matí de Catalunya Ràdio _cEmili Teixidor |
| 260 |
_aBarcelona _bLa Magrana _c1996 |
||
| 300 |
_a136 p ; _c15 cm |
||
| 490 | 0 |
_aMeridiana _v17 |
|
| 610 | 2 |
_93382 _aCatalunya Ràdio _xProgrames |
|
| 942 |
_cMON _2udc |
||
| 999 |
_c5948 _d5948 |
||